Glándulas endocrinas / (Record no. 31476)

MARC details
000 -LEADER
campo de control de longitud fija 00608nam a2200193 i 4500
001 - NÚMERO DE CONTROL
campo de control 31476
003 - IDENTIFICADOR DE NÚMERO DE CONTROL
campo de control ES-MaACL
005 - FECHA Y HORA DE LA ÚLTIMA TRANSACCIÓN
campo de control 20230906154403.0
007 - CAMPO FIJO DE DESCRIPCIÓN FÍSICA--INFORMACIÓN GENERAL
campo de control de longitud fija t|
008 - DATOS DE LONGITUD FIJA--INFORMACIÓN GENERAL
campo de control de longitud fija 030129s1973 sp ||||1| spa d
100 1# - ENTRADA PRINCIPAL--NOMBRE DE PERSONA
Nombre de persona Baulieu, E.
9 (RLIN) 26574
245 10 - MENCIÓN DEL TÍTULO
Título Glándulas endocrinas /
Mención de responsabilidad, etc. E. Baulieu, H. Bricaire, J. Leprat ; versión... José Mª Tresánchez Trías.
260 ## - PUBLICACIÓN, DISTRIBUCIÓN, ETC.
Lugar de publicación, distribución, etc. Barcelona :
Nombre del editor, distribuidor, etc. Espaxs,
Fecha de publicación, distribución, etc. [1973]
300 ## - DESCRIPCIÓN FÍSICA
Extensión 374 p. :
Otras características físicas il. ;
Dimensiones 26 cm.
700 1# - ENTRADA AGREGADA--NOMBRE PERSONAL
Nombre de persona Bricaire, H.
9 (RLIN) 31678
700 1# - ENTRADA AGREGADA--NOMBRE PERSONAL
Nombre de persona Leprat, J.
9 (RLIN) 71733
700 1# - ENTRADA AGREGADA--NOMBRE PERSONAL
Nombre de persona Tresánchez Trías, José María.
9 (RLIN) 111325
852 ## - LOCALIZACIÓN
Ubicación ES-MaACL
Número de control de estantería C-55545
Sublocalización o colección R.88276
Holdings
Estatus retirado Estado de pérdida Estado de daño No para préstamo Biblioteca de origen Biblioteca actual Ubicación en estantería Fecha de adquisición Fuente de adquisición Total de préstamos Signatura topográfica completa Código de barras Visto por última vez Precio de reemplazo Tipo de ítem Koha
        Biblioteca del Ateneo de Madrid Biblioteca del Ateneo de Madrid Depósito 2 17/01/2008     C-55545 1032526 23/02/2023 23/02/2023 Libro impreso